00547cam a22001931 4500001001300000003000400013005001700017008004100034010001700075035002000092040003700112042001200149050002000161100003200181245005500213260004400268300002600312999001500338af 48002180 DLC20260227110854.0890323s1943 ne a 000 1 dut c aaf 48002180  a(OCoLC)19426493 aCalifornia. Univ. Libr.cCUdDLC apremarc00aPT2603.U8bA6531 aBusch, Wilhelm,d1832-1908.10aAvonturen van een vrijgezel.cMet 154 teekeningen. aAmsterdam,bUitgeverij Westland,c1943. a92 p.billus.c19 cm. c4909d4909